بہت کچذ (Record no. 93679)

MARC details
000 -LEADER
fixed length control field 00641nam a22002177a 4500
005 - DATE AND TIME OF LATEST TRANSACTION
control field 20150515163358.0
008 - FIXED-LENGTH DATA ELEMENTS--GENERAL INFORMATION
fixed length control field 140714b xxu||||| |||| 00| 0 Urdu d
010 ## - LCCN (DPL NO)
LC control number UR-8920
020 ## - INTERNATIONAL STANDARD BOOK NUMBER
Terms of availability 110.00
035 ## - SYSTEM CONTROL NUMBER
System control number U-7475
037 ## - SOURCE OF ACQUISITION
Source of stock number/acquisition BPPD/Pub/Ven
040 ## - CATALOGING SOURCE
Original cataloging agency DPL
Language of cataloging Urdu
082 ## - DEWEY DECIMAL CLASSIFICATION NUMBER
Classification number 841
100 ## - MAIN ENTRY--PERSONAL NAME
Personal name عمر ا ن عظيم
245 ## - TITLE STATEMENT
Title بہت کچذ
Statement of responsibility, etc عمر ا ن عظيم
246 ## - VARYING FORM OF TITLE
Title proper/short title Bahut Kuchh
Remainder of title By Imran Azeem
260 ## - PUBLICATION, DISTRIBUTION, ETC. (IMPRINT)
Name of publisher, distributor, etc Modern Publications
Date of publication, distribution, etc 2015
Place of publication, distribution, etc New Delhi
270 ## - ADDRESS
Address 9,Gola Market Darya Ganj,
City New Delhi
Telephone number 09312340686
Postal code 110002
300 ## - PHYSICAL DESCRIPTION
Extent 168ص
Dimensions 22Cm (Hb)
942 ## - ADDED ENTRY ELEMENTS (KOHA)
Source of classification or shelving scheme Dewey Decimal Classification
Item type Urdu Bks
Edition
Classification part 841
Call number suffix ع م ر
Holdings
Withdrawn status Lost status Source of classification or shelving scheme Damaged status Not for loan Collection code Home library Current library Date acquired Source of acquisition Cost, normal purchase price Total Checkouts Full call number Barcode Date last seen Copy number Cost, replacement price Koha item type
    Dewey Decimal Classification   Not For Loan Non-fiction D.B.Act.Division D.B.Act.Division 15/05/2015 DBAD/Pub. 110.00   841 ع م ر U-7475 15/05/2015 1 110.00 Urdu Bks

© Delhi Public Library
Hit Counter
free hit counter